| 000 | 00503nam a2200133Ia 4500 | ||
|---|---|---|---|
| 008 | 191108s9999 xx 000 0 und d | ||
| 020 | _a978-0-06-177893-3 | ||
| 100 | _aBlanchard, Ken | ||
| 245 |
_cKen Blanchard, Judd Hoekstra, Pat Zigarmi, John Britt.-- _aWho killed change: _bSolving the mystery of leading people through change / |
||
| 260 |
_aNew York: _bPolvera Publishing and John Britt, HarperCollins Publishers _c2009 |
||
| 300 | _a143 pages : | ||
| 650 | _aLabor market | ||
| 650 | _aLeadership | ||
| 999 |
_c362523 _d362523 |
||